| Tag |
First Indicator |
Second Indicator |
Subfields |
| LEADER |
00000pam a2200000 a 4500 |
| 001 |
in00000586421 |
| 005 |
20151014084045.0 |
| 008 |
860519s1987 paua 00110 eng |
| 010 |
|
|
|a 86006024
|
| 020 |
|
|
|a 0830627405 :
|c $29.00
|
| 035 |
|
|
|a (OCoLC)13665161
|
| 035 |
|
|
|9 ACQ3829AM
|
| 040 |
|
|
|a DLC
|c DLC
|d TXA
|d UtOrBLW
|
| 049 |
|
|
|a TXAM
|c [A10860271]
|
| 050 |
0 |
0 |
|a T58.6
|b .W35 1987
|
| 082 |
0 |
|
|a 658.4/038
|2 19
|
| 100 |
1 |
|
|a Wargo, Mark C.
|
| 245 |
1 |
0 |
|a MIS manager's handbook :
|b innovative strategies for successful management /
|c Mark C. Wargo.
|
| 250 |
|
|
|a 1st ed.
|
| 264 |
|
1 |
|a Blue Ridge Summit, PA. :
|b TAB Professional and Reference Books,
|c [1987]
|
| 264 |
|
4 |
|c ©1987
|
| 300 |
|
|
|a ix, 390 pages :
|b illustrations ;
|c 24 cm.
|
| 336 |
|
|
|a text
|b txt
|2 rdacontent
|
| 337 |
|
|
|a unmediated
|b n
|2 rdamedia
|
| 338 |
|
|
|a volume
|b nc
|2 rdacarrier
|
| 500 |
|
|
|a Includes index.
|
| 650 |
|
0 |
|a Management information systems.
|
| 999 |
|
|
|a MARS
|
| 999 |
f |
f |
|s 5daa6085-3b8d-3fd6-b87f-6fd90e03d252
|i 1a155853-ebe8-375b-876a-78c79b0604dd
|t 0
|
| 952 |
f |
f |
|p ric
|a Texas A&M University
|b Rellis Campus
|c Joint Library Facility
|d Remote Storage
|t 0
|e T58.6 .W35 1987
|h Library of Congress classification
|i unmediated -- volume
|m A14810860271
|
| 998 |
f |
f |
|a T58.6 .W35 1987
|t 0
|l Remote Storage
|